000
00274nam a22001337a 4500
003
SGT
020
_a
9788121902984
082
_a
330.0954
_b
DAT
100
_a
GAURAV DATT
245
_a
INDIAN ECONOMY
260
_a
N DELHI
_b
S CHAND
_c
2015
300
_a
1045
942
_2
ddc
_c
BK
999
_c
25143
_d
25143